000 00727nam a2200241 i 4500
001 91918
003 ES-MaACL
005 20240224063108.0
007 t|
008 050307s2004 sp ||||1| spa d
020 _a84-96133-30-3
080 _a821.134.2-94"19"
080 _a929 Segura y Sènz, Pedro, Cardenal
080 _a946.035.3 S.
100 _aBarrios, Manuel,
_d1924-2012
_9235239
245 1 3 _aLa Sevilla del cardenal Segura /
_cManuel Barrios.
260 _aSevilla :
_bEspuela de Plata,
_c2004.
300 _a174 p. ;
_c21 cm.
600 0 4 _aSegura y Sáenz, Pedro.
_9105232
651 4 _aSevilla-
_vCuriosidades.
_99382
852 _aES-MaACL
_jL-28962
_bR.135471
999 _c91918
_d91918